Counties of U.S. Cities #2 - Statistics

General Stats
  • This quiz has been taken 12 times
  • The average score is 12 of 16
Answer Stats
City County % Correct
Los Angeles Los Angeles
92%
San Francisco San Francisco
92%
Atlanta Fulton
83%
Phoenix Maricopa
83%
Miami Miami-Dade
83%
Sacramento Sacramento
83%
Austin Travis
83%
Portland Multnomah
75%
Oklahoma City Oklahoma
75%
New Orleans Orleans
75%
San Diego San Diego
75%
Memphis Shelby
67%
Tulsa Tulsa
67%
Albuquerque Bernalillo
58%
Raleigh Wake
58%
Columbus Franklin
42%
No matching quizzes found
Score Distribution
Percent of People with Each Score
Percentile by Number Answered
Your Score History
You have not taken this quiz